Náboženská výchova v školách

Bibliographic Details
Main Author: Procházka, Pavel, 1951 september 6.- (Author)
Format: Article
Language:Slovak
ISSN:1336-1783
Subjects:

MARC

LEADER 00000nab a2200000 a 4500
001 vtls008627055
003 SK-MaSNL
005 20260304140110.0
008 250505c2005 xo mr|p|||||||000 b|slo
015 |a SNBRB2006/03 
035 |a (sysno)vtls008627055 
035 |a urn:nbn:sk:snk-ab70wf 
035 |a (uuid)577d371e-6f61-44ff-b7f0-863e1323e4d4 
035 |a (urnnbn)urn:nbn:sk:snk:ar-a06h1i 
038 |a SNKBUCL 
040 |a SNKBUCL  |b slo  |c SNKBUCL  |e AACR2 
041 0 |a slo 
044 |a xo  |c SK 
080 |a 37.033:2  |2 1997 
100 1 |a Procházka, Pavel,  |d 1951 september 6.-  |4 aut  |9 203213 
245 1 0 |a Náboženská výchova v školách  |c Pavel Procházka 
504 |a Bibliogr. odkazy 
650 0 7 |a náboženská výchova  |2 snkbucl  |9 67239 
650 0 7 |a školstvo  |2 snkbucl  |9 19712 
655 7 |a recenzie  |2 snkbucl  |9 21907 
773 0 |t Evanjelikálny teologický časopis  |g Roč. IV., č. 2 (2005), s. 75  |x 1336-1783 
787 0 8 |i Rec.:  |a Hanesová, Dana  |t Náboženská výchova v školách  |d Banská Bystrica : Univerzita Mateja Bela, 2005 
850 |a Slovenská národná knižnica 
852 |a Slovenská národná knižnica 
954 |a odborná, vedecká literatúra pôvodná (slovenská)  |2 lita 
958 |a article27 
958 |a OND 
958 |a NB 
958 |a NT 
958 |a EUIPO 
999 |c 2913608  |d 2915538